[Event "92nd Hastings it"]
[Site "Hastings ENG"]
[Date "2016.12.28"]
[Round "1"]
[White "Kalavannan, Koby"]
[WhiteElo "2163"]
[Black "Bellin, Robert"]
[BlackElo "2353"]
[Result "1/2-1/2"]
[PlyCount "31"]
[EventDate "2016.12.28"]

1. d4 d6 2. Nf3 Bg4 3. c4 Bxf3 4. exf3 g6 5. Be3 Bg7 6. Nc3 Nd7 7. Qa4 Ngf6 8. O-O-O O-O 9. h4 c6 10. g4 d5 11. c5 Qc7 12. Qc2 b6 13. cxb6 axb6 14. g5 Ne8 15. h5 b5 16. Bd3 1/2-1/2

[Event "92nd Hastings it"]
[Site "Hastings ENG"]
[Date "2016.12.29"]
[Round "2"]
[White "Cafferty, Bernard"]
[WhiteElo "2086"]
[Black "Lalla, Karol"]
[BlackElo "1419"]
[Result "1-0"]
[PlyCount "55"]
[EventDate "2016.12.28"]

1. c4 f5 2. Nf3 Nf6 3. g3 e6 4. Bg2 c6 5. O-O d5 6. Qc2 Bd6 7. d4 O-O 8. Nc3 Bd7 9. Bf4 Be8 10. Rac1 Ne4 11. e3 Bh5 12. Ne1 Nxc3 13. bxc3 Bxf4 14. exf4 dxc4 15. Rb1 b5 16. Nf3 Bxf3 17. Bxf3 a6 18. Rfe1 Qd6 19. Re3 Ra7 20. a4 Kf7 21. Rbe1 Re8 22. g4 g6 23. gxf5 gxf5 24. Bh5+ Kf8 25. Bxe8 Rg7+ 26. Rg3 Rxg3+ 27. hxg3 Kxe8 28. Qxf5 1-0

[Event "92nd Hastings it"]
[Site "Hastings ENG"]
[Date "2016.12.30"]
[Round "3"]
[White "Lalla, Karol"]
[WhiteElo "1419"]
[Black "Kearsley, Raymond J"]
[BlackElo "1718"]
[Result "0-1"]
[PlyCount "48"]
[EventDate "2016.12.28"]

1. d4 d5 2. f4 Bf5 3. Nf3 e6 4. e3 Nf6 5. Be2 c5 6. c3 Nbd7 7. O-O Be7 8. Bd2 O-O 9. Be1 Rc8 10. Bh4 Ne4 11. Bxe7 Qxe7 12. Nbd2 Ndf6 13. Ne5 c4 14. g4 Nxd2 15. Qxd2 Ne4 16. Qe1 f6 17. gxf5 fxe5 18. fxe5 Qg5+ 19. Kh1 Rxf5 20. Rxf5 Qxf5 21. Qf1 Nf2+ 22. Kg2 Rf8 23. Qb1 Qg5+ 24. Kf1 Ne4+ 0-1

[Event "92nd Hastings it"]
[Site "Hastings ENG"]
[Date "2016.12.31"]
[Round "4"]
[White "Dean, Michael J"]
[WhiteElo "1515"]
[Black "Krueger, Norbert"]
[BlackElo "2046"]
[Result "0-1"]
[PlyCount "67"]
[EventDate "2016.12.28"]

1. e4 c5 2. Nc3 e6 3. f4 Nc6 4. Nf3 d6 5. Bb5 Nge7 6. O-O a6 7. Bxc6+ Nxc6 8. d3 Be7 9. a3 O-O 10. f5 exf5 11. Nd5 fxe4 12. dxe4 Bg4 13. Qd3 Bxf3 14. Qxf3 Nd4 15. Qd3 Bg5 16. Bf4 Bxf4 17. Rxf4 Qg5 18. c3 Nc6 19. Raf1 Ne5 20. Qh3 Rae8 21. Rh4 h6 22. Rhf4 Qg6 23. g4 Nc4 24. Nf6+ gxf6 25. Rxf6 Qxe4 26. Rxh6 Qe3+ 27. Kg2 Qxh3+ 28. Kxh3 Re3+ 29. Kh4 Re2 30. h3 Rxb2 31. Rf5 Kg7 32. Rfh5 Rg8 33. Rh7+ Kf8 34. Rf5 0-1

[Event "92nd Hastings it"]
[Site "Hastings ENG"]
[Date "2016.12.31"]
[Round "4"]
[White "Gunn, Michael"]
[WhiteElo "1671"]
[Black "Lalla, Karol"]
[BlackElo "1419"]
[Result "0-1"]
[PlyCount "84"]
[EventDate "2016.12.28"]

1. c4 f5 2. g3 c6 3. Bg2 Nf6 4. Nc3 e6 5. d4 d5 6. cxd5 exd5 7. Nf3 Bd6 8. O-O O-O 9. Ne5 Nbd7 10. f4 Ne4 11. Nxe4 fxe4 12. a3 Nxe5 13. fxe5 Be7 14. Be3 Rxf1+ 15. Qxf1 Be6 16. Bh3 Qd7 17. Bxe6+ Qxe6 18. Qg2 c5 19. dxc5 Qxe5 20. Rb1 d4 21. Bf4 Qd5 22. b4 g5 23. Bd6 Bxd6 24. cxd6 Rd8 25. Rc1 Rxd6 26. Rc8+ Kg7 27. Rc7+ Kg6 28. Qh3 h5 29. Rc5 Qf7 30. Qg2 Qe7 31. Qf2 Qf6 32. Qg2 Re6 33. h3 d3 34. Rd5 Qa1+ 35. Kh2 Qxa3 36. exd3 exd3 37. Rxg5+ Kxg5 38. Qd5+ Kf6 39. Qf3+ Kg6 40. g4 Qb2+ 41. Kg3 h4+ 42. Kxh4 Qf6+ 0-1

[Event "92nd Hastings it"]
[Site "Hastings ENG"]
[Date "2017.01.02"]
[Round "6"]
[White "Fier, Alexandr"]
[WhiteElo "2590"]
[Black "Tan, Justin"]
[BlackElo "2451"]
[Result "1-0"]
[PlyCount "59"]
[EventDate "2016.12.28"]

1. d4 Nf6 2. c4 e6 3. Nc3 Bb4 4. e3 O-O 5. Nge2 Re8 6. a3 Bf8 7. e4 d5 8. e5 Nfd7 9. cxd5 exd5 10. f4 Nb6 11. g3 Bf5 12. Bg2 Qd7 13. h3 h5 14. Bf3 Bxh3 15. Bxh5 c5 16. Ng1 Bf5 17. g4 Bh7 18. Nf3 g6 19. Ng5 f6 20. Nxh7 Qxh7 21. g5 fxe5 22. dxc5 Bxc5 23. Nxd5 N8d7 24. f5 Qf7 25. Nxb6 Bxb6 26. Bxg6 Qc4 27. f6 Nc5 28. Rh8+ Kxh8 29. Qh5+ Kg8 30. Qh7+ 1-0

[Event "92nd Hastings it"]
[Site "Hastings ENG"]
[Date "2017.01.02"]
[Round "6"]
[White "Healey, Michael"]
[WhiteElo "2173"]
[Black "Boardman, Jeffrey"]
[BlackElo "1984"]
[Result "1-0"]
[PlyCount "55"]
[EventDate "2016.12.28"]

1. e4 c6 2. d4 d5 3. e5 c5 4. dxc5 Nc6 5. Bf4 e6 6. Nf3 Bxc5 7. Bd3 Bd7 8. O-O Nge7 9. c3 Qc7 10. Bg3 a6 11. a4 Ng6 12. Re1 O-O 13. Nbd2 Rac8 14. Qb1 Nce7 15. h4 f6 16. b4 Bb6 17. h5 Nxe5 18. Rxe5 Nf5 19. Bxf5 exf5 20. Rxd5 Qxg3 21. Rxd7 Qxf2+ 22. Kh1 Qg3 23. Qxf5 Rce8 24. Nf1 Qf2 25. Qg4 Rf7 26. Qc4 Ref8 27. Rxf7 Rxf7 28. Ra2 1-0

[Event "92nd Hastings it"]
[Site "Hastings ENG"]
[Date "2017.01.02"]
[Round "6"]
[White "Sikkel, Dirk"]
[WhiteElo "1956"]
[Black "Lalla, Karol"]
[BlackElo "1419"]
[Result "1-0"]
[PlyCount "35"]
[EventDate "2016.12.28"]

1. e4 g6 2. d4 c5 3. Nf3 cxd4 4. Qxd4 f6 5. Bc4 Nc6 6. Qd3 e6 7. O-O Bg7 8. a3 Nge7 9. Nc3 d6 10. Be3 b5 11. Bb3 Bb7 12. Rad1 Qc7 13. Rfe1 O-O-O 14. Bc5 f5 15. Bxd6 Qb6 16. e5 Na5 17. Bxe7 Nxb3 18. cxb3 1-0

[Event "92nd Hastings it"]
[Site "Hastings ENG"]
[Date "2017.01.02"]
[Round "6"]
[White "Snape, Ian"]
[WhiteElo "2222"]
[Black "White, Stuart A"]
[BlackElo "1999"]
[Result "0-1"]
[PlyCount "60"]
[EventDate "2016.12.28"]

1. e4 e6 2. d4 d5 3. Nc3 Bb4 4. Nge2 Nc6 5. a3 Ba5 6. exd5 exd5 7. Ng3 Nf6 8. Be2 Be6 9. Be3 Qd7 10. O-O Bxc3 11. bxc3 Na5 12. Rb1 c6 13. Re1 O-O 14. Bg5 Ne4 15. Nxe4 dxe4 16. Bf1 Bd5 17. c4 Bxc4 18. Qd2 Qd5 19. Be7 Rfe8 20. Bb4 Bxf1 21. Kxf1 Nc4 22. Qf4 Rad8 23. Rb3 Re6 24. Rg3 Rde8 25. Bc5 b6 26. Rg5 Qd8 27. Bb4 Qxd4 28. Qg4 a5 29. Rd1 Qb2 30. c3 g6 0-1

[Event "92nd Hastings it"]
[Site "Hastings ENG"]
[Date "2017.01.03"]
[Round "7"]
[White "Lalla, Karol"]
[WhiteElo "1419"]
[Black "Batchelor, Paul A"]
[BlackElo "1965"]
[Result "0-1"]
[PlyCount "74"]
[EventDate "2016.12.28"]

1. d4 Nf6 2. f4 g6 3. Nf3 Bg7 4. e3 O-O 5. Bd3 d6 6. O-O Nbd7 7. Bd2 b6 8. Be1 Bb7 9. Nbd2 Qe8 10. Bh4 a5 11. f5 d5 12. fxg6 hxg6 13. Bxf6 exf6 14. Qe2 f5 15. Rae1 Qe7 16. c3 Rfe8 17. Qf2 Bh6 18. Qg3 Bxe3+ 19. Kh1 f4 20. Qg4 Nf6 21. Qg5 Nh7 22. Qh6 Qf8 23. Qh4 Qg7 24. Re2 Qf6 25. Qh6 Bxd2 26. Nxd2 Rxe2 27. Bxe2 Re8 28. Bd3 Re3 29. Rxf4 Qg5 30. Qxg5 Nxg5 31. Bf1 Re1 32. Kg1 Rd1 33. Rf2 Ba6 34. b3 Bd3 35. h4 Ne4 36. Nxe4 dxe4 37. g4 e3 0-1

[Event "92nd Hastings it"]
[Site "Hastings ENG"]
[Date "2017.01.04"]
[Round "8"]
[White "Dean, Michael J"]
[WhiteElo "1515"]
[Black "Lalla, Karol"]
[BlackElo "1419"]
[Result "1-0"]
[PlyCount "80"]
[EventDate "2016.12.28"]

1. e4 g6 2. f4 d5 3. exd5 Qxd5 4. Nc3 Qd8 5. Nf3 Bg7 6. Bc4 Bd7 7. Bxf7+ Kf8 8. Bb3 Bxc3 9. bxc3 Nf6 10. h3 Bf5 11. O-O Nc6 12. g4 Be4 13. d3 Bd5 14. Qe1 Qd6 15. Ne5 Bxb3 16. axb3 Re8 17. Ba3 Qe6 18. Nxg6+ Kf7 19. Qxe6+ Kxe6 20. Nxh8 Rxh8 21. Rae1+ Kd7 22. Bb2 Re8 23. f5 h6 24. c4 Rg8 25. Bxf6 exf6 26. Kh2 Nd4 27. Rf2 Rg7 28. b4 c6 29. Re4 c5 30. bxc5 Nc6 31. Rfe2 Re7 32. Rxe7+ Nxe7 33. Re6 Ng8 34. d4 a6 35. Rb6 Kc7 36. d5 a5 37. d6+ Kc8 38. c6 bxc6 39. Rxc6+ Kd7 40. Ra6 a4 1-0